| 000 | 00347nam a22001457a 4500 | ||
|---|---|---|---|
| 003 | SGT | ||
| 020 | _a9789382711384 | ||
| 082 |
_a923.154 _bG14V |
||
| 100 | _aVERMA, SUDESH | ||
| 245 | _aGAME CHANGER NARENDRA MODI:YUG PARVARTRAK | ||
| 260 |
_aINDIA _bVITASTA PUB. _c2014 |
||
| 300 | _a408 | ||
| 650 | _aPRIME MINISTER OF INDIA | ||
| 942 |
_2ddc _cBK |
||
| 999 |
_c25892 _d25892 |
||